Geography Quiz

Random Geography or City Quiz

Odd One Out: Populous Cities Quiz Stats

 Plays Quiz Updated Aug 19, 2014

Support Sporcle.
Go Orange.
Score 0/16 Timer 06:00
4 Plays Today
% Correct
???
92.5%
???
90.8%
???
87%
???
86.8%
???
85.5%
???
83%
???
80.8%
???
80%
% Correct
???
74.5%
???
73.6%
???
70.8%
???
65.8%
???
61.8%
???
49.9%
???
41.2%
???
32.9%

From the Vault

Teddy or FDR?

by druhutch

History 4m
If Teddy and Franklin Roosevelt got into a fight, it'd be one weird zombie president brawl.
Remove Ads.
Support Sporcle.
Get the best of Sporcle when you Go Orange. This ad-free experience offers more features, more stats, and more fun while also helping to support Sporcle. Thank you for becoming a member.

Show Comments

Extras

Top Quizzes Today


Score Distribution

Your Account Isn't Verified!

In order to create a playlist on Sporcle, you need to verify the email address you used during registration. Go to your Sporcle Settings to finish the process.

Report this User

Report this user for behavior that violates our Community Guidelines.

Details: